000 00373nam a2200157Ia 4500
008 230917s9999||||xx |||||||||||||| ||und||
040 _e126224
_aMAIN
041 _aEnglish
082 _a658.8 C831M
100 _aCoughlan, Anne T
245 0 _aMarketing channels
250 _a7th ed.
260 _aNew Delhi
_bPrentice--Hall
_c2009
300 _a564 p.
942 _cBK
999 _c152297
_d152297